Statistiken für NFL Teams nach Ex-Teams erraten

Klicken Sie hier um das Quiz zu spielen!

Allgemein

  • Dieses Quiz wurde 46 mal gespielt
  • Das Durchschnittsergebnis liegt bei 17 aus 24

Antwortstatistiken

HintAntwort% Korrekt
Seahawks,/,/Broncos
95%
Lions,/,/Rams
92%
Rams,/,/Lions
89%
Texans,/,CowboysBrowns
84%
/,/,SteelersChiefs
84%
Falcons,/,/Colts
84%
Buccaneers,/,/Saints
81%
/,/,VikingsBills
78%
/,Cardinals,ChiefsDolphins
78%
/,/,TitansEagles
78%
/,/,PackersRaiders
76%
/,/,LionsGiants
73%
Jets,/,/Panthers
73%
/,Steelers,RavensCardinals
70%
Colts,/,/Commanders
70%
Raiders,Bears,/Falcons
70%
/,/,DolphinsPatriots
65%
Bills,/,/Steelers
65%
Dolphins,/,RamsTitans
65%
/,Colts,RamsTexans
62%
Redskins,/,/Vikings
62%
/,/,CardinalsJaguars
57%
/,/,JaguarsPackers
54%
Patriots,Jaguars,/Buccaners
22%

Verteilung der Resultate

Perzentil nach korrekt beantworteten Fragen

Anzahl Personen mit jedem Resultat

Ihre Resultats-Entwicklung

Sie haben dieses Quiz noch nicht gespielt